000 01304nam a2200421 c 4500
001 11164
003 ES-MaCES
005 20150923144823.0
008 001003s1994 sp l 000 | spa d
017 _aM 33613-1994
_bDL
020 _a8430925716
035 _aCES20000013015m
040 _aES-MaCES
_bspa
_cES-MaCES
245 0 0 _aConstituciones extranjeras contemporáneas
_cedición de José Luis Cascajo Castro y Manuel B. García Álvarez
250 _a3ª ed
260 _aMadrid
_bTecnos
_c1994
300 _a305 p.
_c24 cm
490 1 _aPráctica jurídica
500 _aÍndices
541 _cCompra
650 4 _aconstitución
_927193
650 4 _aderecho constitucional
_927158
650 4 _aderecho comparado
_929868
650 4 _aEstados Unidos
_928373
650 4 _aItalia
_926952
650 4 _aAlemania, República Federal
_930160
650 4 _aRusia, Federación (1991- )
_930484
650 4 _alegislación
_927153
650 4 _atexto
_929624
653 1 0 _aLegislación
650 4 _926966
_aSuiza
700 1 _aCascajo Castro, José Luis
_eed. lit.
_99207
700 1 _aGarcía Álvarez, Manuel B.
_eed. lit.
_912760
830 0 _aPráctica jurídica
_932161
902 _aLIB Libro
942 _2CES
_cBK
_h6.1.
999 _c11164
_d11164